Tiga catatan perjalanan . three sketches from a journey

Bibliographic Details
Main Author: Baha Zain
Format: Book
Published: Kuala Lumpur : DBP , 1980
Subjects:

MARC

LEADER 00000cam a2200000 7i4500
001 0000004770
002 000005142
005 20000330.0
020 |a T000000411 
090 0 0 |a 899.281   |b BAH 
100 0 |a Baha Zain 
245 1 0 |a Tiga catatan perjalanan .   |p three sketches from a journey   |c Baha Zain ; translated by Mansor Ahmad Saman 
260 |a Kuala Lumpur :   |b DBP ,   |c 1980 
300 |a 117p. ;   |c 23cm. 
650 0 0 |a English poetry 
650 0 0 |a Malay poetry (English translation) 
999 |a 0011559   |b BUKU   |c PINJAMAN   |e PERPUSTAKAAN KOMUNITI PETALING JAYA 
999 |a 035478   |b BUKU   |c PINJAMAN   |e PERPUSTAKAAN KOMUNITI PETALING JAYA